000 00270nam a22000977a 4500
008 160510b xxu||||| |||| 00| 0 eng d
041 _aeng
080 _a61
245 _aAnnual review of public health:
_cBunjamin Barnes;Dan E.Beauchamp;Thomas W.Beauchamp;
942 _2udc
_cBK
999 _c1995
_d1995